MARC

LEADER 00000nas a2200000 4500
001 ssj0002623
003 WaSeSS
005 20200512172242.0
006 m d
007 cr n
008 751101d19512004njuqr p s 0 a0eng
010 |a  67009054  
016 |a (AMICUS)000000515105 
016 7 |a 9882672  |2 DNLM 
016 7 |a SR0059311  |2 DNLM 
016 7 |a 011126013  |2 Uk 
022 |l 0024-4759  |y 0024-4759 
030 |z LIPSA 
035 |a (WaSeSS)ssj0002623 
037 |b Morton Kaplan, Dept. of English, Fairleigh Dickinson Univ., Teaneck, NJ 07666 
040 |a DLC  |b eng  |c MUL  |d YUS  |d NSD  |d DLC  |d OCL  |d AIP  |d NSD  |d AIP  |d NST  |d IUL  |d NST  |d SYS  |d CUS  |d NLM  |d OCLCQ  |d IUL  |d OCL  |d OCLCQ  |d UKMGB  |d OCLCQ  |d OCLCF  |d NLC  |d OCLCQ  |d GILDS  |d PAU  |d OCLCQ  |d RDF  |d OCLCO  |d WaSeSS 
042 |a nsdp  |a pcc 
050 0 0 |a PN49  |b .L5 
210 0 |a Lit. psychol. 
222 0 |a Literature and psychology 
245 0 0 |a Literature and psychology  |h [electronic resource]. 
260 |a [Teaneck, N.J., etc.],  |b [publisher not identified] 
362 1 |a Began in 1951; ceased with v. 49, no. 4 published in 2004.  |z Cf. New serial titles. 
506 |a License restrictions may limit access. 
550 |a Volumes for 1951-59 sponsored by the Modern Language Association Conference on Literature and Psychology; 1960-<64> by the Association's General Topics 10; <1975>-1981 by the National Association for Psychoanalytic Criticism. 
550 |a Volumes for summer/fall 1964-<winter 1965> published with the assistance of English Dept. of the City College of the City University of New York; 1966, no. 3/4- with assistance of English Dept. of University of Massachusetts; <1975-> with assistance of English Dept. of Fairleigh Dickinson University. 
555 |a Vols. 1-10, 1951-60. 1 v.; Vols. 11-15, 1961-65. 1 v. 
650 0 |a Literature  |x Psychology  |v Periodicals. 
650 7 |a Literature  |x Psychology.  |2 fast  |0 (OCoLC)fst01000008 
655 0 |a Electronic journals. 
710 2 |a National Association for Psychoanalytic Criticism. 
710 2 |a Modern Language Association of America.  |b Conference on Literature and Psychology. 
710 2 |a Modern Language Association of America.  |b General Topics 10. 
850 |a DLC  |a MiD  |a NcRS  |a PPiC 
853 2 0 |8 1  |a (year)  |b (month)  |u 4  |v c  |w q 
853 2 0 |8 1  |a v.  |b no.  |u 4  |v r  |i (year)  |j (month)  |w q 
853 2 0 |8 1  |a v.  |b no.  |u 4  |v r  |i (year)  |j (season)  |w q 
856 4 0 |z Full text available from Research Library: 01/01/1998 to 01/31/2004  |u https://search.proquest.com/publication/41003 
863 4 1 |8 1.1  |a 1951  |b 02 
863 4 1 |8 1.1  |a 5  |b 4  |i 1955  |j 11 
863 4 1 |8 1.1  |a 8  |b 1  |i 1958  |j 24